000 00300nam a22001337a 4500
008 170414b xxu||||| |||| 00| 0 eng d
020 _a0815169558
041 _aeng
080 _23 ED
_a618
100 _a10
101 _aSHM
245 _aCOMPREHENSIVE GYNECOLOGY
_cMISHELL.D.R
942 _2udc
_cBK
999 _c10769
_d10769